MARC

LEADER 00000nam0a2200000 4500
001 10459
005 20231030183026.0
010 |a 5870570980 
035 |a (RuTPU)RU\TPU\book\10520 
035 |a BOOK00010585 
090 |a 10459 
100 |a 20011209d1997 m y0rusy50 ca 
101 0 |a rus 
102 |a RU 
105 |a y z 000zy 
200 1 |a Психологические парадоксы в управлении  |f В. А. Розанова 
210 |a Москва  |c Интел-Синтез  |d 1997 
215 |a 144 с. 
610 1 |a психология 
610 1 |a социальная психология 
610 1 |a личность 
610 1 |a коллектив 
610 1 |a управление 
610 1 |a управленческие решения 
686 |a Ю954  |v LBC/SL-A  |2 rubbk 
700 1 |a Розанова  |b В. А.  |g Валентина Александровна 
801 0 |a RU  |b 63413507  |c 20011209  |g PSBO 
801 2 |a RU  |b 63413507  |c 20170427  |g PSBO 
942 |c BK